000 00519nam a22001697a 4500
999 _c8607
_d8607
008 201208b ||||| |||| 00| 0 eng d
040 _aBMS College of Architecture
100 _aL, Bharath
245 _aZoological garden in Koogalli - Mysore
300 _a42p.
500 _a1BM10AT016
502 _8B,Arch
_NBMS College of Architecture, Visvesvaraya Technological University (VTU)
_aProject report
_d2016
650 _aNA
700 _aP S Mamatha
_eGuide
700 _aRema Vaidyanthan
_eGuide
942 _2ddc
_cTHE